Movies Quiz

Random Movies or Oscar Quiz

Consecutive Best Actor Nominations Quiz Stats

 Plays Quiz not verified by Sporcle

Also try: Guitars in Movies
Challenge
Share
Tweet
Embed
Score 0/26 Timer 06:00
0 Plays Today
% Correct
Tom Hanks
92.3%
Meryl Streep
85.2%
Jeff Bridges
77.5%
Marlon Brando
76.1%
Russell Crowe
75.4%
Jack Nicholson
75.3%
Al Pacino
74.2%
Robert DeNiro
74%
Colin Firth
66.7%
George C. Scott
55.2%
Nicole Kidman
50.8%
Jane Fonda
46.9%
Johnny Depp
44.2%
% Correct
William Hurt
42.6%
Susan Sarandon
42.6%
Paul Newman
40.7%
Emma Thompson
39.3%
Glenda Jackson
38.3%
Renée Zellweger
36.3%
Jack Lemmon
29.7%
Glen Close
29.3%
Jessica Lange
28.8%
Ellen Burstyn
28.8%
Judi Dench
24.6%
Debra Winger
23.7%
Jill Clayburgh
16.8%

You're not logged in!

Compare scores with friends on all Sporcle quizzes.
Join for Free
OR
Log In

You Might Also Like...

Show Comments

Extras

Top Quizzes Today


Score Distribution

Your Account Isn't Verified!

In order to create a playlist on Sporcle, you need to verify the email address you used during registration. Go to your Sporcle Settings to finish the process.

Report this User

Report this user for behavior that violates our Community Guidelines.

Details: